Central Library OPAC University of Rajshahi

আফ্রিকার গল্প / (Record no. 38620)

MARC details
000 -LEADER
fixed length control field 00749nam a22002177a 4500
001 - CONTROL NUMBER
control field 38620
003 - CONTROL NUMBER IDENTIFIER
rucl marc code BD-RjUL
005 - DATE AND TIME OF LATEST TRANSACTION
control field 20211209052829.0
008 - FIXED-LENGTH DATA ELEMENTS--GENERAL INFORMATION
fixed length control field 160127s1975 bg ||||| |||| 00| 0 ben d
035 ## - SYSTEM CONTROL NUMBER
System control number (BD-RjUL)38728
040 ## - CATALOGING SOURCE
Original cataloging agency BD-RjUL
Language of cataloging eng
Transcribing agency BD-RjUL
041 ## - LANGUAGE CODE
Language code of text/sound track or separate title ben
082 ## - DEWEY DECIMAL CLASSIFICATION NUMBER
Edition number 23
Classification number 896
Author mark and year GOA 1975
100 ## - MAIN ENTRY--PERSONAL NAME
Personal name গোস্বামী, করুণাময়
9 (RLIN) 119200
245 ## - TITLE STATEMENT
Title আফ্রিকার গল্প /
Statement of responsibility, etc. করুণাময় গোস্বামী
260 ## - PUBLICATION, DISTRIBUTION, ETC. (IMPRINT)
Place of publication, distribution, etc. ঢাকা :
Name of publisher, distributor, etc. মুক্তধারা,
Date of publication, distribution, etc. ১৯৭৫
300 ## - PHYSICAL DESCRIPTION
Pagination ১২৫ পৃ.;
Size ২২ সেমি.
650 ## - SUBJECT ADDED ENTRY--TOPICAL TERM
Topical term or geographic name as entry element আফ্রিকার গল্প
9 (RLIN) 119201
Topical term or geographic name as entry element Short stories, African.
9 (RLIN) 119202
942 ## - ADDED ENTRY ELEMENTS (KOHA)
Source of classification or shelving scheme Dewey Decimal Classification
Koha item type Books
Holdings
Lost status Source of classification or shelving scheme Damaged status Not for loan Collection code Permanent Location Current Location Shelving location Date acquired Source of acquisition Cost, normal purchase price Total Checkouts Full call number Date last seen Copy number Koha item type
  Dewey Decimal Classification     Fiction Central Library, University of Rajshahi Central Library, University of Rajshahi   07/04/1977 ইউরেকা বুক এজেন্সী, 9.00   B 896 GOA 1975 27/01/2016 C-2 Books